000 00542nam a22001697a 4500
005 20251127175633.0
008 251124b |||||||| |||| 00| 0 eng d
020 _a978-81-938138-6-7
041 _aeng
082 _a616.9 TYA-P
100 _aTYAGI, DR NIDHI AND KATIYAR, DR. PRASHANT KUMAR & KUMAR, DR. PRASHANT
_98796
245 _aPHARMACEUTICAL MICROBIOLOGY PRACTICAL TEXT- AS PER PCI REGULATIONS FOR B PHARMACY & D PHARM
260 _aHYDERABAD
_bTAURUS PUBLISHERS
300 _a126;P
650 _aPHARMACY
_xD.PHARMA
942 _cBK
999 _c8973
_d8971